000
00247nam a2200109 a 4500
008
110419s1971|||| d
245
1
0
_a
Slovensko 1
_b
Dejiny
260
_b
Obzor
_a
Bratislava
_c
1971
020
_c
120
044
_a
xo
_c
SK
041
_a
slo
999
_c
19136
_d
19136